Προσεγγίζοντας το φαινόμενο του trafficking

Αποθηκεύτηκε σε:
Λεπτομέρειες βιβλιογραφικής εγγραφής
Κύριος συγγραφέας: Αμπατζή, Λιόπη
Μορφή: Βιβλίο
Γλώσσα:Greek
Δημοσίευση: Αθήνα : Εθνικό Κέντρο Κοινωνικών Ερευνών, 2008.
Σειρά:Μελέτες - Έρευνες ΕΚΚΕ ; 1
Θέματα:
Ετικέτες: Προσθήκη ετικέτας
Δεν υπάρχουν, Καταχωρήστε ετικέτα πρώτοι!

MARC

LEADER 00000cam a2200000 i 4500
001 1/676
008 090729s2008 gr | ||| |||| ||gre||
020 |a 9789607093998 
035 |l 10105323 
040 |a GR-MyUa  |b gre  |e AACR2 
041 0 |a gre 
082 7 |a 364.15   |2 (22) 
100 1 |a Αμπατζή, Λιόπη. 
245 1 0 |a Προσεγγίζοντας το φαινόμενο του trafficking /   |c Λιόπη Αμπατζή. 
260 |a Αθήνα :   |b Εθνικό Κέντρο Κοινωνικών Ερευνών,   |c 2008. 
300 |a 101 σ. ;   |c 24 εκ. 
490 1 |a (Μελέτες - Έρευνες ΕΚΚΕ ;   |v 7) 
504 |a Περιέχει βιβλιογραφία. 
650 0 0 |a Human trafficking. 
650 0 0 |a Human smuggling. 
650 0 0 |a Human trafficking  |x Prevention. 
650 0 0 |a Women  |x Crimes against. 
650 0 0 |a Sex-oriented businesses. 
650 0 0 |a Prostitution. 
830 0 |a Μελέτες - Έρευνες ΕΚΚΕ ;  |v 1 
852 |a INST  |b LESVOS  |e 20090729  |h 364.15 ΑΜΠ  |p 005100045072  |q 005100045072  |t BK  |y 0 
852 |a INST  |b RHODES  |e 20110502  |h 364.15 ΑΜΠ  |p 005400033073  |q 005400033073  |t BK  |y 0 
901 |a BIBL1-2009-2 
901 |a BIBL4-2011-2 
970 |a ΤΖΑΦΕΡΗ  |b ΕΥΑΓΓΕΛΙΑ  |z 2009/07/29